Alle Städte und Gemeinden im Landkreis Märkisch-Oderland - Statistiken

Allgemein
  • Dieses Quiz wurde 77 mal gespielt
  • Das Durchschnittsergebnis liegt bei 22 aus 45
Antworten auf der Karte
Die Antworten werden auf der Karte rot bzw. grün angezeigt, abhängig davon wie oft sie richtig erraten wurden.
 
Antwortstatistiken
Antwort % Korrekt
Seelow
90%
Strausberg
90%
Rüdersdorf bei Berlin
86%
Müncheberg
81%
Neuenhagen bei Berlin
81%
Bad Freienwalde (Oder)
76%
Hoppegarten
76%
Fredersdorf-Vogelsdorf
76%
Wriezen
76%
Buckow (Märkische Schweiz)
67%
Falkenberg
67%
Lebus
67%
Petershagen/Eggersdorf
67%
Altlandsberg
62%
Golzow
62%
Küstriner Vorland
57%
Letschin
52%
Prötzel
52%
Rehfelde
52%
Neutrebbin
48%
Oberbarnim
48%
Oderaue
48%
Gusow-Platkow
43%
Neuhardenberg
43%
Alt Tucheband
38%
Neulewin
38%
Reitwein
38%
Vierlinden
38%
Beiersdorf-Freudenberg
33%
Falkenhagen (Mark)
33%
Heckelberg-Brunow
33%
Höhenland
33%
Lietzen
33%
Märkische Höhe
33%
Podelzig
33%
Waldsieversdorf
33%
Bliesdorf
29%
Fichtenhöhe
29%
Reichenow-Möglin
29%
Treplin
29%
Zechin
29%
Bleyen-Genschmar
24%
Garzau-Garzin
24%
Lindendorf
24%
Zeschdorf
24%
Keine übereinstimmenden Quizze gefunden
Verteilung der Resultate
Anzahl Personen mit jedem Resultat
Perzentil nach korrekt beantworteten Fragen
Ihre Resultats-Entwicklung
Sie haben dieses Quiz noch nicht gespielt